| 000 | 00551nam a22001817a 4500 | ||
|---|---|---|---|
| 003 | CEME | ||
| 005 | 20210628210701.0 | ||
| 008 | 210211b xxu||||| |||| 00| 0 eng d | ||
| 020 | _a0-07-069627-6 | ||
| 040 | _c. | ||
| 082 | _a621.388332 STA | ||
| 100 |
_aWhitaker, Jerry.C Benson, K. Blair _980515 |
||
| 245 | _aStandard handbook of video and television engineering | ||
| 250 | _a3RD | ||
| 260 |
_aNEW YORK _bMCGRAW HILL _c2000 |
||
| 650 |
_aTELEVISION ENGINEERING-STANDARD HANDBOOK VIDEO ENGINEERING-STANDARD HANDBOOK _980516 |
||
| 942 |
_cBK _2ddc |
||
| 999 |
_c585441 _d585441 |
||